100 największych miast świata - Statystyki

Ogólne statystyki
  • Ten quiz został rozwiązany 4 razy
  • Średni wynik to 4 z 100
Statystyki odpowiedzi
Obrazkowy Odpowiedź % Poprawnych
Kuala Lumpur
75%
Rzym
50%
Barcelona
25%
Bogota
25%
Delhi
25%
Hongkong
25%
Moskwa
25%
Nowy Jork
25%
Paryż
25%
Singapur
25%
Tokio
25%
Abidżan
0%
Addis Abeba
0%
Ahmadabad
0%
Aleksandria
0%
Ankara
0%
Bagdad
0%
Bangkok
0%
Belo Horizonte
0%
Bengaluru
0%
Brasília
0%
Buenos Aires
0%
Ćennaj
0%
Changchun
0%
Changsha
0%
Chartum
0%
Chengdu
0%
Chongqing
0%
Ćottogram
0%
Dalian
0%
Dar es Salaam
0%
Dhaka
0%
Dongguan
0%
Dżakarta
0%
Dżudda
0%
Foshan
0%
Fukuoka
0%
Guadalajara
0%
Hajdarabad
0%
Hangzhou
0%
Hanoi
0%
Harbin
0%
Hefei
0%
Ho Chi Minh
0%
Jaunde
0%
Jinan
0%
Johannesburg
0%
Kabul
0%
Kair
0%
Kanton
0%
Kapsztad
0%
Karaczi
0%
Kinszasa
0%
Kolkata
0%
Kunming
0%
Lagos
0%
Lahaur
0%
Lima
0%
Londyn
0%
Luanda
0%
Madryt
0%
Manila
0%
Meksyk
0%
Melbourne
0%
Monterrey
0%
Montreal
0%
Mumbaj
0%
Nagoja
0%
Nairobi
0%
Nankin
0%
Ningbo
0%
Nowe Tajpej
0%
Osaka
0%
Pekin
0%
Petersburg
0%
Pune
0%
Qingdao
0%
Rangun
0%
Rijad
0%
Rio de Janeiro
0%
Santiago
0%
São Paulo
0%
Seul
0%
Shantou
0%
Shenyang
0%
Shenzhen
0%
Shijiazhuang
0%
Stambuł
0%
Surat
0%
Suzhou
0%
Sydney
0%
Szanghaj
0%
Teheran
0%
Tel Awiw
0%
Tiencin
0%
Toronto
0%
Urumczi
0%
Wuhan
0%
Xi’an
0%
Zhengzhou
0%
Nie znaleziono quizów pasujących do podanych kryteriów
Rozkład punktacji
Procent ludzi z każdym wynikiem
Percentyl według liczby udzielonych odpowiedzi
Twoja historia wyników
Nie rozwiązałeś tego quizu